| 000 | 00476nam a2200169 4500 | ||
|---|---|---|---|
| 003 | SEACOMMC | ||
| 005 | 20250328150508.0 | ||
| 008 | 250328b |||||||| |||| 00| 0 eng d | ||
| 020 |
_a978-81-905950-9-4 _cRs.160.00 |
||
| 040 | _aSEACOMMC | ||
| 082 |
_a510 _bP 153 |
||
| 100 | _a Pal, B. K | ||
| 245 | 1 |
_aBCA Mathematics vol. – IV for 2nd year 4th semester _cB.K. Pal [and] K. Das |
|
| 260 |
_a Kolkata _b U.N. Dhur & Sons _c 2009 |
||
| 650 | _a Mathematics | ||
| 942 | _cBOOK | ||
| 999 |
_c1160 _d1160 |
||